[Event "GER-chT11-B3 email"]
[Site "GER email"]
[Date "2015.10.15"]
[Round "?.4"]
[White "Von der Burg, Joerg"]
[Black "Kunzelmann, Fred"]
[Result "1/2-1/2"]
[WhiteElo "2166"]
[BlackElo "2509"]
[PlyCount "84"]
[EventDate "2015.??.??"]
[EventType "tourn (corr)"]
[EventRounds "8"]
[EventCountry "GER"]
[SourceTitle "Corr 2017"]
[Source "ChessBase"]
[SourceDate "2017.09.19"]
[SourceVersion "1"]
[SourceVersionDate "2017.09.19"]
[SourceQuality "1"]
[WhiteTeam "ChessWhisperer"]
[BlackTeam "Siegener SV 1878"]

1. Nf3 Nf6 2. d4 e6 3. c4 b6 4. a3 Bb7 5. Nc3 d5 6. cxd5 Nxd5 7. Qc2 Nxc3 8. bxc3 c5 9. e4 Nd7 10. Bf4 cxd4 11. cxd4 Rc8 12. Qb3 Be7 13. Bd3 Nf6 14. Qb5+ Bc6 15. Qb1 0-0 16. 0-0 b5 17. Re1 a6 18. h3 h6 19. Qb2 Qb6 20. Qd2 Qb7 21. Qe2 Rfd8 22. Bd2 Qa7 23. Rec1 Qa8 24. Ba5 Re8 25. Nd2 Bb7 26. Rxc8 Rxc8 27. Qe3 Bd8 28. Bxd8 Rxd8 29. Re1 Nd7 30. Nb3 Qb8 31. Rc1 Qd6 32. e5 Qb8 33. Nc5 Nxc5 34. dxc5 Qa8 35. f3 Kf8 36. Kf2 Ke8 37. Be2 Bc6 38. Rc3 Qb7 39. h4 Qd7 40. Rd3 Bd5 41. f4 Qc6 42. Bf3 Bxf3 1/2-1/2

[Event "GER-chT11-B3 email"]
[Site "GER email"]
[Date "2015.09.29"]
[Round "?"]
[White "Kregelin, Jan"]
[Black "Von der Burg, Joerg"]
[Result "1/2-1/2"]
[WhiteElo "2118"]
[BlackElo "1949"]
[PlyCount "45"]
[EventDate "2015.??.??"]
[EventType "tourn (corr)"]
[EventRounds "8"]
[EventCountry "GER"]
[SourceTitle "Corr 2020"]
[Source "ChessBase"]
[SourceDate "2019.09.30"]
[SourceVersion "1"]
[SourceVersionDate "2019.09.30"]
[SourceQuality "1"]

1. d4 Nf6 2. c4 e6 3. Nc3 d5 4. cxd5 exd5 5. Bg5 c6 6. e3 Be7 7. Bd3 0-0 8. Qc2 h6 9. Bh4 Re8 10. Nge2 Nbd7 11. f3 c5 12. 0-0 a6 13. Kh1 b5 14. dxc5 Nxc5 15. Nd4 Nxd3 16. Qxd3 Bb7 17. Rac1 Nd7 18. Bg3 Nc5 19. Qd2 b4 20. Nce2 Qb6 21. Rfd1 a5 22. Nf4 b3 23. a3 1/2-1/2

[Event "GER-chT11-B3 email"]
[Site "GER email"]
[Date "2015.09.29"]
[Round "?"]
[White "Schubert, Joachim"]
[Black "Von der Burg, Joerg"]
[Result "1/2-1/2"]
[WhiteElo "2061"]
[BlackElo "1949"]
[PlyCount "60"]
[EventDate "2015.??.??"]
[EventType "tourn (corr)"]
[EventRounds "8"]
[EventCountry "GER"]
[SourceTitle "Corr 2020"]
[Source "ChessBase"]
[SourceDate "2019.09.30"]
[SourceVersion "1"]
[SourceVersionDate "2019.09.30"]
[SourceQuality "1"]

1. e4 c5 2. Nf3 d6 3. d4 cxd4 4. Nxd4 Nf6 5. Nc3 a6 6. a4 e5 7. Nf3 Be7 8. Bg5 Be6 9. Bxf6 Bxf6 10. Nd5 Nd7 11. Bc4 Rc8 12. Qe2 Nb6 13. Nxb6 Qxb6 14. Bxe6 fxe6 15. c3 0-0 16. 0-0 d5 17. a5 Qd6 18. Rfd1 Rfd8 19. Rd3 Qc5 20. g3 Qb5 21. Re3 Rc5 22. exd5 Qxe2 23. Rxe2 Rdxd5 24. Rae1 Rxa5 25. Kg2 Ra2 26. Rc2 Rb5 27. Rb1 g5 28. h3 h6 29. Nd2 Be7 30. Ne4 Kg7 1/2-1/2

[Event "GER-chT11-B3 email"]
[Site "GER email"]
[Date "2015.09.29"]
[Round "?"]
[White "Von der Burg, Joerg"]
[Black "Boehme, Sebastian"]
[Result "1/2-1/2"]
[WhiteElo "1949"]
[BlackElo "2238"]
[PlyCount "37"]
[EventDate "2015.??.??"]
[EventType "tourn (corr)"]
[EventRounds "8"]
[EventCountry "GER"]
[SourceTitle "Corr 2020"]
[Source "ChessBase"]
[SourceDate "2019.09.30"]
[SourceVersion "1"]
[SourceVersionDate "2019.09.30"]
[SourceQuality "1"]

1. d4 Nf6 2. c4 e6 3. Nc3 d5 4. Bg5 Be7 5. Nf3 0-0 6. e3 h6 7. Bxf6 Bxf6 8. Qc2 Na6 9. Rd1 c5 10. dxc5 Nxc5 11. cxd5 Qa5 12. dxe6 Bxe6 13. Nd4 Rfc8 14. Be2 Bd5 15. 0-0 Ne4 16. a4 Nxc3 17. bxc3 Bc4 18. h3 Rab8 19. Rd2 1/2-1/2

[Event "Remote-chT2 Bd.2/2 email"]
[Site "Remote email"]
[Date "2013.02.15"]
[Round "?"]
[White "Von der Burg, Joerg"]
[Black "Hoch, Hubertus"]
[Result "1/2-1/2"]
[WhiteElo "2406"]
[BlackElo "2346"]
[PlyCount "71"]
[EventDate "2013.??.??"]
[EventType "tourn (corr)"]
[EventRounds "8"]
[EventCountry "GER"]
[SourceTitle "Corr 2015"]
[Source "ChessBase"]
[SourceDate "2015.07.17"]
[SourceVersion "1"]
[SourceVersionDate "2015.07.17"]
[SourceQuality "1"]

1. Nc3 Nf6 2. e4 d5 3. e5 Nfd7 4. f4 e6 5. Nf3 c5 6. g3 Nc6 7. Bg2 Be7 8. d3 b5 9. a3 0-0 10. 0-0 Qb6 11. Bd2 a5 12. Be1 Ba6 13. Bf2 b4 14. Nb1 Qc7 15. axb4 axb4 16. Nbd2 Bb5 17. Qe2 Nb6 18. Rfb1 Na4 19. Qe1 Ra6 20. Qc1 Rfa8 21. Bf1 d4 22. Ne4 Qd7 23. Nfd2 Na5 24. Qd1 Nb6 25. Rc1 h6 26. Bg2 Nd5 27. Bf3 R8a7 28. Qe2 Qd8 29. h3 Bc6 30. Qd1 Ra8 31. Qe2 Bf8 32. Kh2 R8a7 33. Kg1 Qc8 34. Rab1 Rd7 35. Kh2 Qa8 36. Bg1 1/2-1/2

[Event "Remote-chT2 Bd.2/1 email"]
[Site "Remote email"]
[Date "2012.11.06"]
[Round "?"]
[White "Rosche, Ernst"]
[Black "Von der Burg, Joerg"]
[Result "1/2-1/2"]
[WhiteElo "2167"]
[BlackElo "2378"]
[PlyCount "92"]
[EventDate "2012.??.??"]
[EventType "tourn (corr)"]
[EventRounds "8"]
[EventCountry "GER"]
[SourceTitle "Corr 2015"]
[Source "ChessBase"]
[SourceDate "2015.07.17"]
[SourceVersion "1"]
[SourceVersionDate "2015.07.17"]
[SourceQuality "1"]

1. e4 g6 2. d4 Bg7 3. Nc3 d6 4. Nf3 c6 5. Be2 Nf6 6. 0-0 0-0 7. h3 Nbd7 8. e5 Ne8 9. Bf4 dxe5 10. dxe5 Nc7 11. Bg3 Ne6 12. Qd3 Qc7 13. Qe4 Nec5 14. Qe3 Qb6 15. Rab1 Ne6 16. Qe4 a5 17. Rfd1 Qc7 18. Bf1 Ndc5 19. Qe3 b5 20. Ne2 Qb6 21. Ned4 Rb8 22. c3 Nxd4 23. cxd4 Ne6 24. Rbc1 Rd8 25. Bd3 Nxd4 26. Nxd4 Rxd4 27. e6 Bxe6 28. Bxb8 Qxb8 29. Rxc6 Qd8 30. Rcc1 Rd6 31. Qe2 Bxa2 32. Bxb5 Bd4 33. Ba4 Be6 34. Rc6 Rxc6 35. Bxc6 Qb6 36. Ba4 Qxb2 37. Qxb2 Bxb2 38. Bd7 Bc4 39. Rd2 Ba3 40. Rd4 Ba6 41. Bc8 Bxc8 42. Rd8+ Kg7 43. Rxc8 Kf6 44. Kf1 Ke5 45. Ke2 Kd4 46. Kd2 Bc5 1/2-1/2

[Event "Remote-chT2 Bd.2/1 email"]
[Site "Remote email"]
[Date "2012.11.06"]
[Round "?"]
[White "Von der Burg, Joerg"]
[Black "Pischner, Rainer"]
[Result "1-0"]
[WhiteElo "2378"]
[BlackElo "2305"]
[PlyCount "85"]
[EventDate "2012.??.??"]
[EventType "tourn (corr)"]
[EventRounds "8"]
[EventCountry "GER"]
[SourceTitle "Corr 2015"]
[Source "ChessBase"]
[SourceDate "2015.07.17"]
[SourceVersion "1"]
[SourceVersionDate "2015.07.17"]
[SourceQuality "1"]

1. g3 c5 2. c4 Nc6 3. Bg2 g6 4. e3 Bg7 5. Ne2 d6 6. Nbc3 e5 7. a3 Nge7 8. 0-0 Be6 9. Nd5 0-0 10. Nec3 Qd7 11. b4 cxb4 12. axb4 Bxd5 13. cxd5 Nxb4 14. Ba3 Na6 15. Qb3 Nc7 16. Ne4 Nb5 17. Rfb1 a6 18. Bb4 Rfd8 19. Nc3 f5 20. Nxb5 Qxb5 21. Ra3 Qe8 22. Ba5 Rd7 23. Qa2 Nc8 24. Rab3 b5 25. d3 Ne7 26. Ra3 Qb8 27. Bd2 Qb6 28. e4 Bf8 29. Ra5 Rdd8 30. Rb3 Rdb8 31. Rba3 Rc8 32. Bf1 Qc5 33. Rxa6 Rxa6 34. Rxa6 Rb8 35. Qb3 Nc8 36. Bh3 Qc7 37. exf5 Qd7 38. Bb4 Nb6 39. Qa2 Nc8 40. Qd2 gxf5 41. Qg5+ Qg7 42. Qxf5 Kh8 43. Bg2 1-0

[Event "Remote S7E High-131 email"]
[Site "Remote email"]
[Date "2012.08.23"]
[Round "?"]
[White "Von der Burg, Joerg"]
[Black "Leisebein, Peter"]
[Result "1-0"]
[WhiteElo "2365"]
[BlackElo "2335"]
[PlyCount "83"]
[EventDate "2012.??.??"]
[EventType "tourn (corr)"]
[EventRounds "6"]
[EventCountry "GER"]
[SourceTitle "Corr 2015"]
[Source "ChessBase"]
[SourceDate "2015.07.17"]
[SourceVersion "1"]
[SourceVersionDate "2015.07.17"]
[SourceQuality "1"]

1. d4 d5 2. c4 c6 3. Nf3 Nf6 4. Nc3 dxc4 5. a4 Bf5 6. Nh4 Bg4 7. f3 Be6 8. e4 Na6 9. f4 g6 10. Be2 Qa5 11. 0-0 0-0-0 12. Nf3 Nc5 13. f5 gxf5 14. exf5 Bxf5 15. Nd2 e6 16. Nxc4 Qb4 17. Ra3 Nd3 18. Bxd3 Rxd4 19. Na2 Qc5 20. Be3 Rg8 21. Qe2 Qd5 22. Rxf5 exf5 23. Nc3 Rxg2+ 24. Qxg2 Qxg2+ 25. Kxg2 Rxd3 26. Ra1 b6 27. Kf3 f4 28. Kxf4 Bh6+ 29. Kf5 Bxe3 30. Nxe3 Rxe3 31. Kxf6 Rf3+ 32. Kg7 Rf2 33. Rh1 h5 34. Nd1 Rf4 35. h4 Rxa4 36. Kxf7 Rg4 37. Rh2 a5 38. Ne3 Rg3 39. Nf5 Rf3 40. Ke6 Kd8 41. Ng7 Re3+ 42. Kd6 1-0